00351nam a2200157Ia 4500008004100000020001800041245001400059245002200073260001500095260001600110260000900126300001500135300002500150300001000175500000800185170705s9999 xx 000 0 und d a9780439355261 aTitanic / cby Howard Gutner. aNew York : bScholastic, c2002 a16 pages : bcolor illustration ; c19cm. a790